Small Island Developing Countries - Statistics

General Stats
  • This quiz has been taken 770 times
    294 since last reset
  • The average score is 36 of 58
Answer Stats
Country % Correct
Haiti
88%
Tuvalu
87%
Bahamas
86%
Cuba
86%
Saint Kitts and Nevis
86%
Tonga
86%
American Samoa
85%
F.S. Micronesia
85%
Nauru
85%
Palau
85%
Saint Lucia
85%
Samoa
85%
Trinidad and Tobago
85%
Antigua and Barbuda
84%
Barbados
84%
Dominica
84%
Fiji
84%
Marshall Islands
84%
Saint Vincent and the Grenadines
84%
Vanuatu
84%
Dominican Republic
83%
Jamaica
83%
Solomon Islands
83%
Grenada
80%
Kiribati
79%
Maldives
79%
Seychelles
79%
Cape Verde
78%
Comoros
78%
Mauritius
78%
São Tomé and Príncipe
75%
Papua New Guinea
65%
Timor-Leste
63%
Aruba
53%
Singapore
47%
Puerto Rico
46%
British Virgin Islands
45%
Bermuda
43%
Curaçao
43%
Bahrain
42%
Guam
40%
Sint Maarten
38%
French Polynesia
35%
Guadeloupe
35%
Martinique
35%
Cayman Islands
33%
Niue
33%
Belize
32%
Cook Islands
32%
Montserrat
32%
New Caledonia
32%
Anguilla
28%
Guyana
26%
United States Virgin Islands
26%
Suriname
25%
Northern Mariana Islands
22%
Turks and Caicos Islands
22%
Guinea-Bissau
10%
No matching quizzes found
Score Distribution
Percent of People with Each Score
Percentile by Number Answered
Your Score History
You have not taken this quiz since the last reset